Adaptive, learning, and pattern recognition systems : theory and applications /
Guardado en:
| Otros Autores: | , |
|---|---|
| Formato: | Libro |
| Idioma: | English |
| Publicado: |
New York :
Academic Press,
1970.
|
| Series: | Mathematics in science and engineering ;
v. 66 |
| Etiquetas: |
Agregar Etiqueta
Sin Etiquetas, Sea el primero en etiquetar este registro!
|
| LEADER | 01663cam a22002175 4500 | ||
|---|---|---|---|
| 001 | MAT.inmabb002086 | ||
| 008 | 700427s1970####nyua#####b####001#0#eng#d | ||
| 005 | 20160427154636.0 | ||
| 245 | 0 | 0 | |a Adaptive, learning, and pattern recognition systems : |b theory and applications / |c edited by J. M. Mendel and K. S. Fu. |
| 260 | |a New York : |b Academic Press, |c 1970. | ||
| 300 | |a xiv, 444 p. : |b il. ; |c 24 cm. | ||
| 440 | 0 | |a Mathematics in science and engineering ; |v v. 66 | |
| 504 | |a Incluye referencias bibliográficas. | ||
| 505 | 0 | |a Pt. I, Pattern recognition: 1. Elements of pattern recognition / R. O. Duda -- 2. Statistical pattern recognition / K. S. Fu -- 3. Algorithms for pattern classification / R. L. Kashyap -- 4. Applications of pattern recognition technology / S. S. Viglione -- 5. Synthesis of quasi-optimal switching surfaces by means of training techniques / J. M. Mendel -- Pt. II, Adaptive and learning systems: 6. Gradient identification for linear systems / J. M. Mendel -- 7. Adaptive optimization procedures / G. J. McMurtry -- 8. Reinforcement-learning control and pattern recognition systems / J. M. Mendel and R. W. McLaren -- Pt. III, Special topics: 9. Stochastic approximation / R. L. Kashyap, C. C. Blaydon, and K. S. Fu -- 10. Applications of the stochastic approximation methods / C. C. Blaydon, R. L. Kashyap and K. S. Fu -- 11. Stochastic automata as models of learning systems / K. S. Fu. | |
| 510 | 4 | |a MR, |c 40 #8522 | |
| 020 | |a 0124907504 | ||
| 700 | 1 | |a Mendel, Jerry M., |d 1938- |4 edt | |
| 700 | 1 | |a Fu, K. S. |q (King Sun), |d 1930- |4 edt | |
| 084 | |a 68T05 (68T10) |2 msc2000 | ||
| 010 | |a 70097485 | ||
| 859 | |h 68 |i Ad221 |p A-3739 |b BIB. MATEMATICA | ||
